Carregando...

Role of Dietary Protein on the Growth Conversion Efficiency and Metabolism of the White Prawn, Penaeus indicus ( Milne Edwards)

Detalhes bibliográficos
Autor principal: Annie Mathew
Formato: Printed Book
Publicado em: Dept. of Aquatic Biology & Fisheries, University of Kerala, Thiruvananthapuram 1990
coleção:Jayaprakas, V
LEADER 00632nam a2200193 4500
020
082 |a P19902 ANN 
100 |a Annie Mathew 
245 |a Role of Dietary Protein on the Growth Conversion Efficiency and Metabolism of the White Prawn, Penaeus indicus ( Milne Edwards) 
250
260 |a Dept. of Aquatic Biology & Fisheries, University of Kerala, Thiruvananthapuram  |c 1990 
300
490 |a Jayaprakas, V 
500
590 |a SHK 
650
942 |c BK 
999 |c 101925  |d 101925 
952 |0 0  |1 0  |4 0  |6 P_19902_000000000000000_ANN  |7 0  |9 115393  |a AQU  |b AQU  |l 0  |o P19902 ANN  |p AQUP19902  |r 2019-09-25  |w 2019-09-25  |y BK